Nintendo Consoles by Picture - Sudden Death - Statistics

General Stats
  • This quiz has been taken 576 times
  • The average score is 11 of 18
Answers on the Grid
Answers color-coded by a green-red scale on the quiz's grid according to % correct below.
 
Answer Stats
Answer % Correct
Switch
84%
3DS
82%
Wii
80%
Game Boy Color
76%
Game Cube
74%
DS
73%
N64
71%
NES
70%
Super Famicom
68%
Wii Mini
66%
SNES
64%
Nes-101
56%
Game Cube - Panasonic Q Edition
55%
Game & Watch
50%
Famicom
47%
Virtual Boy
45%
Famicom + Disk System
39%
SNES-101
38%
No matching quizzes found
Score Distribution
Percent of People with Each Score
Percentile by Number Answered
Your Score History
You have not taken this quiz